El Ombudsman iberoamericano y los derechos de la infancia
Na minha lista:
| Formato: | Desconhecido |
|---|---|
| Publicado em: |
Madrid:
CICODE
|
| Assuntos: | |
| Tags: |
Adicionar Tag
Sem tags, seja o primeiro a adicionar uma tag!
|
MARC
| LEADER | 00000 a2200000 04500 | ||
|---|---|---|---|
| 001 | 11534 | ||
| 003 | |||
| 008 | 991231s d | ||
| 040 | |||
| 090 | |a 139903 | ||
| 245 | |a El Ombudsman iberoamericano y los derechos de la infancia | ||
| 260 | |a Madrid: |b CICODE | ||
| 300 | |a 201 p. | ||
| 650 | |a INFANCIA | ||
| 650 | |a TRABAJO DE MENORES | ||
| 999 | |c 12503 |d 12503 | ||
